GMT Countries - Statistics

General Stats
  • This quiz has been taken 32 times
  • The average score is 13 of 17
Answer Stats
Country % Correct
United Kingdom
100%
Ireland
96%
Portugal
85%
Iceland
81%
Mali
81%
Gambia
77%
Mauritania
77%
Burkina Faso
73%
Ghana
73%
Guinea
73%
Guinea-Bissau
73%
Liberia
73%
Senegal
73%
Togo
73%
Ivory Coast
69%
Sierra Leone
69%
São Tomé and Príncipe
62%
No matching quizzes found
Score Distribution
Percent of People with Each Score
Percentile by Number Answered
Your Score History
You have not taken this quiz